000 00525nam a2200193Ia 4500
005 20240823045658.0
008 240823s9999||||xx |||||||||||||| ||und||
020 _a978-93-81069-95-0
041 _aENGLISH
082 _A621.381 Q2
100 _aMade Easy Publication
245 0 _a"BSNL, DRDO, ISRO Previous Solved Papers & Practice Papers Electronics and Communication Engg."
250 _a1st
260 _c2012
_bMade Easy Public
500 _aYES
650 _aGeneral
_bGeneral
942 _cBK
999 _c215515
_d215515